Top 250 artists - Statistics

General Stats
  • This quiz has been taken 53 times
  • The average score is 24 of 250
Answer Stats
Hint Answer % Correct
180 Justin Bieber
74%
26 Eminem
68%
8 50 Cent
62%
49 Jay Z
59%
36 TI
59%
70 Drake
50%
20 Ed Sheeran
50%
10 Kanye West
50%
43 Rihanna
50%
60 2Pac
47%
53 Justin Timberlake
47%
22 Lil Nas X
47%
15 Bruno Mars
44%
13 Lil Wayne
44%
84 Nicki Minaj
44%
178 Katy Perry
41%
16 The Weeknd
41%
58 Dr Dre
38%
151 Selena Gomez
38%
182 Dua Lipa
35%
17 Snoop Dogg
35%
90 Miley Cyrus
32%
32 Pitbull
32%
25 Usher
32%
237 Billy Ray Cyrus
29%
118 Coldplay
29%
152 Kendrick Lamar
29%
81 Post Malone
29%
187 Camila Cabello
26%
37 Will.i.am
26%
11 Chris Brown
24%
24 David Guetta
24%
52 Maroon 5
24%
83 Shawn Mendes
24%
120 Travis Scott
24%
3 Wiz Khalifa
24%
34 Black Eyed Peas
21%
80 Calvin Harris
21%
7 Charlie Puth
21%
161 Diddy
21%
6 Imagine Dragons
21%
76 Nelly
21%
71 Timbaland
21%
28 Akon
18%
64 Ceelo Green
18%
107 Coolio
18%
27 Flo Rida
18%
99 Ludacris
18%
78 Megan Thee Stallion
18%
174 Nick Jonas
18%
1 Tyga
18%
114 Avicii
15%
4 Jason Derulo
15%
179 Juice WRLD
15%
94 Lil Jon
15%
210 Nelly Furtado
15%
241 OutKast
15%
97 Pharrell Williams
15%
38 Roddy Ricch
15%
63 T Pain
15%
158 DaBaby
12%
69 Khalid
12%
40 KSI
12%
45 Linkin Park
12%
31 Ne Yo
12%
171 NWA
12%
42 Offset
12%
194 Quavo
12%
157 Robbie Williams
12%
56 Sean Paul
12%
140 Daddy Yankee
9%
105 DMX
9%
101 Jamie Foxx
9%
131 Jay Sean
9%
59 J Balvin
9%
168 Kid Cudi
9%
226 Liam Payne
9%
74 Marshmello
9%
181 One Republic
9%
222 Paul McCartney
9%
124 Pop Smoke
9%
2 Stormzy
9%
164 The Kid LAROI
9%
55 2 Chainz
6%
111 Adam Levine
6%
47 BOB
6%
50 Burna Boy
6%
126 Dave
6%
245 Eric Turner
6%
207 Fat Joe
6%
62 French Montana
6%
204 Gnarls Barkley
6%
186 Jack Harlow
6%
132 J Cole
6%
54 Juicy J
6%
128 Kid Ink
6%
92 Kodak Black
6%
205 MadCon
6%
142 Nate Dogg
6%
243 Olivia
6%
147 Rich the Kid
6%
19 Tinie Tempah
6%
29 YG
6%
233 5SOS
3%
21 A Boogie Wit Da Hoodie
3%
5 Aitch
3%
218 Andre 3000
3%
48 Ava Max
3%
216 Bon Iver
3%
65 Bugzy Malone
3%
228 Cash Cash
3%
88 Cheat Codes
3%
122 Dadi Freyr
3%
85 Daft Punk
3%
217 D Block Europe
3%
86 DJ Snake
3%
133 Far East Movement
3%
51 Fredo
3%
61 G Eazy
3%
202 Gym Class Heroes
3%
30 Headie One
3%
109 HER
3%
116 Ivorian Doll
3%
230 Jason Mraz
3%
148 Jeremih
3%
98 JLS
3%
106 Jonas Blue
3%
236 Jonas Brothers
3%
141 Jon Z
3%
177 Krept & Konan
3%
82 Labrinth
3%
66 Lil Mosey
3%
214 Lloyd
3%
33 Logic
3%
130 Loski
3%
150 Luca Hanni
3%
108 LV
3%
102 MNEK
3%
203 Ms Banks
3%
250 Plan B
3%
115 Poundz
3%
39 Proph3t
3%
223 Pusha T
3%
14 Rak Su
3%
235 Ray Dalton
3%
242 Remy Ma
3%
156 Rich Homie Quan
3%
79 S1mba
3%
100 Santana
3%
113 Skylar Grey
3%
87 Swae Lee
3%
112 Swarmz
3%
129 Taio Cruz
3%
246 Take That
3%
154 Tech N9ne
3%
163 The Game
3%
57 The Wanted
3%
67 Tiana Major9
3%
183 Tiesto
3%
23 Ty Dolla $ign
3%
155 Wale
3%
193 Webb Pierce
3%
175 Wes Nelson
3%
104 Wiley
3%
232 Willy William
3%
77 X Ambassadors
3%
89 Yebba
3%
12 Young T & Bugsey
3%
110 Young Thug
3%
197 Zara Larsson
3%
9 ZieZie
3%
103 24KGoldn
0%
212 5 After Midnight
0%
18 AJ Tracey
0%
184 Aloe Blacc
0%
188 Alok
0%
220 Blxst
0%
213 Bonkaz
0%
125 B Young
0%
211 Charly Black
0%
72 Clean Bandit
0%
200 Da Beatfreakz
0%
225 Dapz
0%
189 Disclosure
0%
224 DOE
0%
234 Dominic Fike
0%
73 dutchavelli
0%
117 Empire Of the Sun
0%
192 Farina
0%
185 Fetty Wap
0%
96 Fuse ODG
0%
143 George Ezra
0%
196 Guy Sebastian
0%
244 Hayley Williams
0%
215 Hot Chip
0%
199 Iann Dior
0%
240 Iggy Azalea
0%
249 Internet Money
0%
145 Iyaz
0%
91 Jawsh 685
0%
149 JP Cooper
0%
195 Kardinal Offishall
0%
139 Kehlani
0%
162 Keri Hilson
0%
206 Kwengface
0%
119 Lil Dicky
0%
208 LMFAO
0%
159 Lukas Graham
0%
46 Lupe Fiasco
0%
166 Mabel
0%
229 Maggie Lindemann
0%
75 Mann
0%
190 Martin Jensen
0%
160 Misunderstood
0%
201 MKTO
0%
95 MoStack
0%
198 Ms D
0%
44 Mustard
0%
176 Nadav Guedj
0%
167 Naughty Boy
0%
239 N Dubz
0%
137 Nicky Jam
0%
191 Niddy
0%
219 Nile Rodgers
0%
68 Not3s
0%
169 Nuka
0%
135 Pia Mia
0%
165 Ramz
0%
227 Raye
0%
35 Riles
0%
231 Rixton
0%
127 Rizzle Kicks
0%
138 Sage the Gemini
0%
134 Sean Kingston
0%
93 Skepta
0%
172 Sofia Reyes
0%
209 Swedish House Mafia
0%
123 Talent
0%
121 Tay Keith
0%
247 Tinchy Stryder
0%
41 Tion Wayne
0%
146 Topic
0%
173 Tory Lanez
0%
248 Tove Lo
0%
170 Travie McCoy
0%
221 Victor Crone
0%
238 WizKid
0%
153 Wretch 32
0%
144 WSTRN
0%
136 Wyclef Jean
0%
No matching quizzes found
Score Distribution
Percent of People with Each Score
Percentile by Number Answered
Your Score History
You have not taken this quiz